[Event "Belleuve Chess 2012"]
[Site "Alcudia ESP"]
[Date "2012.10.14"]
[Round "1.1"]
[White "Pelegri Castello, Elias"]
[Black "Garcia Sanz, Eduardo"]
[Result "0-1"]
[WhiteElo "1837"]
[BlackElo "1999"]
[PlyCount "36"]
[EventDate "2012.10.14"]
[EventType "swiss"]
[EventRounds "9"]
[EventCountry "ESP"]
[Source "lmi"]
[SourceDate "2012.10.14"]

1. Nf3 d5 2. c4 e6 3. g3 Nf6 4. Bg2 Be7 5. O-O O-O 6. d4 c5 7. cxd5 exd5 8. Nc3
Nc6 9. h3 Re8 10. e3 h6 11. Ne5 cxd4 12. Nxc6 bxc6 13. exd4 Bd6 14. Be3 Bxg3
15. Bxh6 Ba6 16. Qf3 Bc7 17. Bxg7 Kxg7 18. Rfe1 Qd6 0-1

[Event "Belleuve Chess 2012"]
[Site "Alcudia ESP"]
[Date "2012.10.14"]
[Round "1.2"]
[White "Adeyemi, Adedeji"]
[Black "Wallace, Mitchel"]
[Result "0-1"]
[WhiteElo "1997"]
[BlackElo "1833"]
[PlyCount "87"]
[EventDate "2012.10.14"]
[EventType "swiss"]
[EventRounds "9"]
[EventCountry "ESP"]
[Source "lmi"]
[SourceDate "2012.10.14"]

1. Nf3 d6 2. g3 e5 3. e4 Nf6 4. d3 Be7 5. Bg2 Nbd7 6. c4 a5 7. Nc3 c6 8. O-O
Rb8 9. d4 O-O 10. b3 Re8 11. Bb2 Bf8 12. d5 Nc5 13. Nh4 Bg4 14. f3 Bh5 15. Qd2
Na6 16. Kh1 Bg6 17. Rac1 h6 18. Rfd1 Bh7 19. dxc6 bxc6 20. Ba3 Nb4 21. Na4 g5
22. Nf5 Bxf5 23. exf5 e4 24. fxe4 Nxe4 25. Bxe4 Rxe4 26. Nc3 Re5 27. Rf1 Qd7
28. g4 Rbe8 29. Bb2 Re3 30. a3 Nd3 31. Rc2 Qb7 32. Kg1 Qxb3 33. Nd1 Re1 34. Rc3
Rxd1 35. Rxd1 Qxb2 36. Rxd3 Qe5 37. Qf2 d5 38. cxd5 cxd5 39. Rxd5 Qc3 40. R5d3
Qc4 41. Qg2 Bc5+ 42. Kh1 Qxd3 43. Rc1 Qe3 44. Rf1 0-1

[Event "Belleuve Chess 2012"]
[Site "Alcudia ESP"]
[Date "2012.10.14"]
[Round "1.3"]
[White "Martinez Rubio, Felipe"]
[Black "Moueden, Mohamed Amine"]
[Result "1-0"]
[WhiteElo "1815"]
[BlackElo "1997"]
[PlyCount "107"]
[EventDate "2012.10.14"]
[EventType "swiss"]
[EventRounds "9"]
[EventCountry "ESP"]
[Source "lmi"]
[SourceDate "2012.10.14"]

1. d4 Nf6 2. Bg5 Ne4 3. Bf4 d5 4. Nd2 Nd6 5. e3 e6 6. Ngf3 Nd7 7. Bd3 Be7 8. c3
Nf6 9. Ne5 O-O 10. Qf3 Nd7 11. h4 Nxe5 12. dxe5 Ne8 13. Bxh7+ Kxh7 14. Qh5+ Kg8
15. Nf3 g6 16. Qh6 Ng7 17. Ng5 Bxg5 18. hxg5 Nh5 19. g4 f5 20. Qxg6+ Ng7 21.
Qh7+ Kf7 22. g6+ Ke8 23. Qxg7 Qe7 24. Qxe7+ Kxe7 25. Bg5+ Ke8 26. g7 Rg8 27.
Rh8 Kf7 28. Bf6 Bd7 29. Kd2 fxg4 30. Rah1 Bc6 31. Rxg8 Rxg8 32. Rh8 Bb5 33. Rh4
Bf1 34. Rxg4 Bh3 35. Rh4 Bf5 36. c4 c6 37. Kc3 Bb1 38. a3 Ba2 39. b3 Bb1 40. f3
Bg6 41. Kb4 Ke8 42. Rh8 Bf7 43. cxd5 cxd5 44. Kc5 Kd7 45. b4 Kc7 46. a4 b6+ 47.
Kd4 Kc6 48. e4 a6 49. exd5+ exd5 50. f4 a5 51. b5+ Kd7 52. f5 Ke8 53. e6 Bxe6
54. fxe6 1-0

[Event "Belleuve Chess 2012"]
[Site "Alcudia ESP"]
[Date "2012.10.14"]
[Round "1.4"]
[White "Gomez Olivares, Alejandro"]
[Black "Fullana Benito, David"]
[Result "1-0"]
[WhiteElo "1993"]
[BlackElo "1813"]
[PlyCount "150"]
[EventDate "2012.10.14"]
[EventType "swiss"]
[EventRounds "9"]
[EventCountry "ESP"]
[Source "lmi"]
[SourceDate "2012.10.14"]

1. d4 d5 2. c4 e6 3. Nc3 Nf6 4. cxd5 exd5 5. Bg5 Be6 6. Nf3 Be7 7. e3 Nbd7 8.
Bd3 c5 9. O-O O-O 10. Ne5 c4 11. Bc2 Nxe5 12. dxe5 Ng4 13. Bxe7 Qxe7 14. Qd4
Rfd8 15. Rad1 f6 16. exf6 Qxf6 17. h3 Qxd4 18. Rxd4 Nf6 19. Rfd1 Rd7 20. Ba4
Re7 21. Bc2 b5 22. a3 Bf7 23. R1d2 a6 24. Ne2 a5 25. Kf1 g6 26. Rf4 Ne4 27.
Bxe4 Rxe4 28. Rxe4 dxe4 29. Nc3 b4 30. axb4 axb4 31. Nxe4 Ra2 32. Ke1 Be6 33.
Kd1 Bf5 34. Nf6+ Kf7 35. Nd5 Ra1+ 36. Ke2 Bd3+ 37. Kf3 b3 38. Nc3 Rc1 39. Ne2
Rc2 40. Rxc2 bxc2 41. Nc1 Ke6 42. Kf4 h6 43. h4 Kd5 44. f3 Bf1 45. g4 Kc5 46.
Ke5 Kb4 47. Kd4 Bd3 48. f4 g5 49. hxg5 hxg5 50. f5 Kb5 51. Kd5 Kb6 52. Kd6 Bxf5
53. gxf5 g4 54. f6 g3 55. f7 g2 56. f8=Q g1=Q 57. Qb8+ Ka5 58. Qa7+ Kb5 59.
Qc5+ Ka6 60. Qxc4+ Ka7 61. Qa4+ Kb8 62. Qb3+ Ka7 63. Qxc2 Qg3+ 64. Kd5 Qg5+ 65.
Kd4 Qd8+ 66. Kc3 Qf6+ 67. Kb4 Qb6+ 68. Kc4 Qe6+ 69. Kd3 Qd5+ 70. Ke2 Qg2+ 71.
Kd1 Qh1+ 72. Kd2 Qd5+ 73. Qd3 Qa5+ 74. Kc2 Qc5+ 75. Kb1 Qh5 1-0

[Event "Belleuve Chess 2012"]
[Site "Alcudia ESP"]
[Date "2012.10.14"]
[Round "1.5"]
[White "Hidalgo Maireles, Juan Carlos"]
[Black "Hernandez Delgado, Gabriel"]
[Result "1/2-1/2"]
[WhiteElo "1811"]
[BlackElo "1987"]
[PlyCount "103"]
[EventDate "2012.10.14"]
[EventType "swiss"]
[EventRounds "9"]
[EventCountry "ESP"]
[Source "lmi"]
[SourceDate "2012.10.14"]

1. d4 g6 2. Nf3 Bg7 3. e3 f5 4. c4 Nf6 5. b4 e6 6. Bb2 Qe7 7. a3 d6 8. Nbd2 O-O
9. Be2 b6 10. O-O Nbd7 11. Qb3 h6 12. Nh4 Kh7 13. Bf3 Rb8 14. Bc6 e5 15. g3 e4
16. b5 Ng4 17. h3 Ngf6 18. Qa4 Bb7 19. Bxb7 Rxb7 20. Qb3 Nh5 21. Ng2 g5 22. Qc2
Rbb8 23. a4 Rbe8 24. a5 g4 25. h4 Rf7 26. axb6 axb6 27. Ra7 Nf8 28. d5 Be5 29.
Bd4 Bxd4 30. exd4 Qf6 31. Qc3 f4 32. gxf4 Nxf4 33. Nxf4 Qxf4 34. Qe3 Ng6 35. h5
Qxe3 36. fxe3 Nf4 37. Kh2 g3+ 38. Kxg3 Ne2+ 39. Kh2 Rg7 40. Rf2 Nxd4 41. Ra1
Nc2 42. Rg1 Nxe3 43. Rxg7+ Kxg7 44. Re2 Ng4+ 45. Kg3 Nf6 46. Kh4 Re5 47. Rg2+
Rg5 48. Rxg5+ hxg5+ 49. Kxg5 e3 50. Nf3 Kf7 51. Kf5 Nh7 52. Ne1 1/2-1/2

[Event "Belleuve Chess 2012"]
[Site "Alcudia ESP"]
[Date "2012.10.14"]
[Round "1.6"]
[White "Delgadillo Torrico, Felipe"]
[Black "Rodriguez Sanchez, Rafael"]
[Result "1/2-1/2"]
[WhiteElo "1981"]
[BlackElo "1809"]
[PlyCount "144"]
[EventDate "2012.10.14"]
[EventType "swiss"]
[EventRounds "9"]
[EventCountry "ESP"]
[Source "lmi"]
[SourceDate "2012.10.14"]

1. c4 Nf6 2. Nc3 g6 3. e4 d6 4. Nf3 Bg7 5. Be2 O-O 6. O-O e5 7. d4 Na6 8. Bg5
h6 9. Bh4 Qe8 10. dxe5 dxe5 11. Qd2 Kh7 12. Bxf6 Bxf6 13. Nd5 Bg7 14. Ne1 c6
15. Nc3 Be6 16. a3 Rd8 17. Qc2 Qe7 18. b4 Nc7 19. Nf3 Bc8 20. Rfd1 Ne6 21. Rxd8
Rxd8 22. Rd1 Nf4 23. Bf1 Bg4 24. Be2 Nxe2+ 25. Qxe2 Rd4 26. Rxd4 exd4 27. Nb1
f5 28. Nbd2 fxe4 29. Qxe4 Qxe4 30. Nxe4 Bxf3 31. gxf3 Be5 32. h3 d3 33. Kf1 b5
34. cxb5 cxb5 35. Nc5 d2 36. Ke2 Bc3 37. Kd1 a5 38. bxa5 Bxa5 39. Nb3 Bb6 40.
Nxd2 Bxf2 41. Kc2 Bc5 42. Kb3 Kg7 43. Ne4 Be7 44. Nc3 Kf7 45. Nxb5 Ke6 46. a4
Kf5 47. Kc4 Kf4 48. a5 Bd8 49. a6 Bb6 50. Kd5 Kxf3 51. Kc6 Bg1 52. Nc7 g5 53.
Nd5 Ba7 54. Kb7 h5 55. Kxa7 g4 56. Kb6 g3 57. a7 g2 58. a8=Q g1=Q+ 59. Kc7 Qc5+
60. Kd7 Kg3 61. Qg8+ Kh4 62. Qe6 Qa7+ 63. Ke8 Qb8+ 64. Kf7 Qg3 65. Ne3 Qxh3 66.
Qe4+ Kg3 67. Nf5+ Kh2 68. Qf4+ Kg1 69. Qd4+ Kh2 70. Qf2+ Qg2 71. Qf4+ Kg1 72.
Nh4 Qg4 1/2-1/2

[Event "Belleuve Chess 2012"]
[Site "Alcudia ESP"]
[Date "2012.10.14"]
[Round "1.7"]
[White "Trillo-Figueroa Vidal, Antonio"]
[Black "Achtmann, Armin"]
[Result "0-1"]
[WhiteElo "1809"]
[BlackElo "1978"]
[PlyCount "120"]
[EventDate "2012.10.14"]
[EventType "swiss"]
[EventRounds "9"]
[EventCountry "ESP"]
[Source "lmi"]
[SourceDate "2012.10.14"]

1. e4 g6 2. d4 Bg7 3. Nf3 e6 4. c4 Ne7 5. Nc3 O-O 6. Be2 d6 7. O-O Nd7 8. Be3
a6 9. Qd2 b6 10. Bh6 Bb7 11. Bxg7 Kxg7 12. d5 e5 13. Rac1 Bc8 14. b4 f5 15.
exf5 Nxf5 16. Ne4 Nf6 17. Nxf6 Qxf6 18. Ng5 Nd4 19. Ne4 Qf4 20. Bd3 Qxd2 21.
Nxd2 Bf5 22. Bxf5 Ne2+ 23. Kh1 Nxc1 24. Bb1 Ne2 25. Ne4 a5 26. b5 h6 27. a4 g5
28. Bd3 Nd4 29. Ng3 Rae8 30. Ne4 Rf4 31. h3 Ref8 32. f3 Nb3 33. Rb1 Nc5 34.
Nxc5 dxc5 35. Be4 h5 36. Rd1 g4 37. d6 cxd6 38. Rxd6 R8f6 39. Rd5 Re6 40. Rd7+
Kf8 41. Bd5 Ref6 42. Rh7 gxh3 43. gxh3 Rh4 44. Kh2 Rd4 45. Rxh5 Rd2+ 46. Kg3
Rg6+ 47. Kh4 Ra2 48. Rxe5 Rxa4 49. f4 Ra1 50. Kh5 Rag1 51. f5 R6g5+ 52. Kh4 Rg7
53. Bf3 a4 54. Re6 a3 55. Re2 Ra7 56. f6 Kf7 57. Ra2 Kxf6 58. Bg4 Re7 59. Bf3
Re3 60. Bg4 Rb1 0-1

[Event "Belleuve Chess 2012"]
[Site "Alcudia ESP"]
[Date "2012.10.14"]
[Round "1.8"]
[White "Botelho Luis, Miguel Rodrig"]
[Black "Gimenez Garcia, Emilio"]
[Result "1-0"]
[WhiteElo "1972"]
[BlackElo "1806"]
[PlyCount "60"]
[EventDate "2012.10.14"]
[EventType "swiss"]
[EventRounds "9"]
[EventCountry "ESP"]
[Source "lmi"]
[SourceDate "2012.10.14"]

1. e4 e5 2. Nf3 Nc6 3. d4 exd4 4. Bc4 Be7 5. c3 Nf6 6. e5 Ne4 7. Bd5 Ng5 8.
Nxg5 Bxg5 9. Qh5 Qe7 10. Bxg5 Qxe5+ 11. Qe2 Qxe2+ 12. Kxe2 O-O 13. Re1 dxc3 14.
Nxc3 Nb4 15. Be7 Re8 16. Kd2 Nc6 17. Bd6 Rxe1 18. Rxe1 g6 19. Re8+ Kg7 20. Bf8+
Kf6 21. Ne4+ Kf5 22. h3 g5 23. Bxf7 Ne5 24. Ng3+ Kf6 25. Bg8 d6 26. Nh5+ Kg6
27. g4 b6 28. Re7 Nxg4 29. Bf7+ Kf5 30. hxg4+ Kxg4 1-0

[Event "Belleuve Chess 2012"]
[Site "Alcudia ESP"]
[Date "2012.10.14"]
[Round "1.9"]
[White "Contreras Cabot, Marc"]
[Black "Nadal Marti, Bernardo Pedro"]
[Result "1-0"]
[WhiteElo "1805"]
[BlackElo "1966"]
[PlyCount "97"]
[EventDate "2012.10.14"]
[EventType "swiss"]
[EventRounds "9"]
[EventCountry "ESP"]
[Source "lmi"]
[SourceDate "2012.10.14"]

1. e4 c6 2. d4 d5 3. Nd2 dxe4 4. Nxe4 Bf5 5. Ng3 Bg6 6. Nf3 Nd7 7. h4 h6 8. h5
Bh7 9. Bd3 Bxd3 10. Qxd3 Qc7 11. b3 Ngf6 12. Bb2 e6 13. O-O-O O-O-O 14. Kb1 Nd5
15. Ne5 N7f6 16. c4 Nb4 17. Qc3 c5 18. dxc5 Bxc5 19. a3 Nc6 20. Nxc6 Qxc6 21.
f3 Rd6 22. Qc2 Rhd8 23. Rxd6 Qxd6 24. Bxf6 gxf6 25. Ne4 Qd4 26. Nxc5 Qxc5 27.
b4 Qe3 28. Rd1 Rxd1+ 29. Qxd1 Qxa3 30. Qd6 Qb3+ 31. Ka1 Qa4+ 32. Kb2 Qe8 33. b5
Qd8 34. Qc5+ Kb8 35. Qe3 Qh8 36. Qf4+ Ka8 37. Kb3 f5 38. c5 e5 39. Qxf5 Qe8 40.
Kc4 a5 41. Qf6 Qg8 42. g4 Qe8 43. Qxh6 e4 44. Qe3 Qe6+ 45. Kc3 Qf6+ 46. Kb3
Qe6+ 47. Kb2 Qf6+ 48. Kc2 exf3 49. c6 1-0

[Event "Belleuve Chess 2012"]
[Site "Alcudia ESP"]
[Date "2012.10.14"]
[Round "1.10"]
[White "Stefanov, Evtim"]
[Black "Correia, Sandra Ventura"]
[Result "1-0"]
[WhiteElo "1963"]
[BlackElo "1797"]
[PlyCount "45"]
[EventDate "2012.10.14"]
[EventType "swiss"]
[EventRounds "9"]
[EventCountry "ESP"]
[Source "lmi"]
[SourceDate "2012.10.14"]

1. e4 c5 2. Nc3 g6 3. g3 Bg7 4. d3 Nc6 5. Bg2 d6 6. Be3 e5 7. Nge2 Nge7 8. O-O
O-O 9. Qd2 Nd4 10. f4 Be6 11. Rf2 d5 12. fxe5 Bxe5 13. Bh6 Re8 14. Nf4 dxe4 15.
Nxe6 Nxe6 16. Bxe4 Nd4 17. Re1 Ndf5 18. Bxb7 Bxc3 19. bxc3 Rb8 20. Bg2 Nxh6 21.
Qxh6 Qa5 22. Rfe2 Qc7 23. Qh4 1-0

[Event "Belleuve Chess 2012"]
[Site "Alcudia ESP"]
[Date "2012.10.14"]
[Round "1.11"]
[White "Kehloul Gutierrez, Sadek"]
[Black "Melderis, Uldis"]
[Result "0-1"]
[WhiteElo "1776"]
[BlackElo "1958"]
[PlyCount "90"]
[EventDate "2012.10.14"]
[EventType "swiss"]
[EventRounds "9"]
[EventCountry "ESP"]
[Source "lmi"]
[SourceDate "2012.10.14"]

1. e4 e6 2. d4 d5 3. Nd2 dxe4 4. Nxe4 Bd7 5. Nf3 Bc6 6. Bd3 Be7 7. Qe2 Nf6 8.
O-O O-O 9. h3 Nbd7 10. Bf4 Nxe4 11. Bxe4 Bxe4 12. Qxe4 c6 13. c3 Nf6 14. Qe2 a5
15. a4 Qd5 16. Qc2 b5 17. Rfe1 b4 18. c4 Qd7 19. b3 c5 20. Rad1 cxd4 21. Rxd4
Qb7 22. Be5 Rad8 23. Red1 Rxd4 24. Rxd4 h6 25. Qd3 Rc8 26. Bxf6 Bxf6 27. Rd7
Rc7 28. Rxc7 Qxc7 29. g3 g6 30. Nd2 Be7 31. Ne4 f5 32. Nd2 Kf7 33. Nf3 Bf6 34.
c5 Qxc5 35. Qd7+ Be7 36. Nd4 Qd5 37. Qxd5 exd5 38. Nc6 Ke6 39. Nd4+ Ke5 40.
Nf3+ Ke4 41. Kg2 Bf6 42. Ne1 Kd4 43. Nc2+ Kc3 44. Ne3 Kxb3 45. Nxd5 Bd8 0-1

[Event "Belleuve Chess 2012"]
[Site "Alcudia ESP"]
[Date "2012.10.14"]
[Round "1.12"]
[White "Ponce Cano, Adrian"]
[Black "Ballester Cladera, Antonio"]
[Result "1-0"]
[WhiteElo "1958"]
[BlackElo "1770"]
[PlyCount "47"]
[EventDate "2012.10.14"]
[EventType "swiss"]
[EventRounds "9"]
[EventCountry "ESP"]
[Source "lmi"]
[SourceDate "2012.10.14"]

1. e4 e5 2. f4 d5 3. exd5 e4 4. d3 exd3 5. Qxd3 Nf6 6. Nc3 Be7 7. Be2 O-O 8.
Nf3 Re8 9. Be3 Nbd7 10. O-O-O Nc5 11. Qc4 b6 12. Ne5 Bd6 13. Qd4 Bf5 14. g4 Be4
15. Rhe1 Bg2 16. Rg1 Bh3 17. Rg3 Nfd7 18. Nxd7 Qxd7 19. Rxh3 a6 20. Bd2 Re7 21.
Qf2 g6 22. Qh4 f5 23. gxf5 gxf5 24. Rg1+ 1-0

[Event "Belleuve Chess 2012"]
[Site "Alcudia ESP"]
[Date "2012.10.14"]
[Round "1.13"]
[White "Maseda Iglesias, Luis"]
[Black "Rautanen, Sari"]
[Result "1/2-1/2"]
[WhiteElo "1741"]
[BlackElo "1955"]
[PlyCount "87"]
[EventDate "2012.10.14"]
[EventType "swiss"]
[EventRounds "9"]
[EventCountry "ESP"]
[Source "lmi"]
[SourceDate "2012.10.14"]

1. d4 d6 2. Nf3 Bg4 3. Nbd2 Nf6 4. e3 Nbd7 5. Be2 e5 6. dxe5 dxe5 7. O-O Bc5 8.
b3 O-O 9. Bb2 e4 10. Nd4 Bxe2 11. Nxe2 Qe7 12. Ng3 Rad8 13. Qe2 Qd6 14. Rad1
Rfe8 15. Qb5 Qb6 16. Qxb6 axb6 17. a4 h6 18. h3 Bd6 19. Nf5 Be5 20. Bxe5 Nxe5
21. Ng3 Nc6 22. Nc4 Nb4 23. Rxd8 Rxd8 24. Rc1 g6 25. Kf1 Kf8 26. Ke1 Ke7 27.
Nd2 Na2 28. Ra1 Nc3 29. Ne2 Nfd5 30. Nxc3 Nxc3 31. Nc4 f5 32. g3 Ke6 33. Nb2 g5
34. Nd1 Nd5 35. Ke2 Nb4 36. Rc1 Ke5 37. Nc3 Rd6 38. Nb5 Rc6 39. c4 Nd3 40. Rd1
Rc5 41. f4+ Kf6 42. Rg1 Rc6 43. h4 g4 44. Rd1 1/2-1/2

[Event "Belleuve Chess 2012"]
[Site "Alcudia ESP"]
[Date "2012.10.14"]
[Round "1.14"]
[White "Garcia Verd, Francisco"]
[Black "Castello Castello, Juan Jose"]
[Result "0-1"]
[WhiteElo "1954"]
[BlackElo "1735"]
[PlyCount "60"]
[EventDate "2012.10.14"]
[EventType "swiss"]
[EventRounds "9"]
[EventCountry "ESP"]
[Source "lmi"]
[SourceDate "2012.10.14"]

1. e4 e6 2. d4 c5 3. d5 e5 4. Nc3 d6 5. f4 Nd7 6. Nf3 Ngf6 7. Be2 Be7 8. fxe5
Nxe5 9. Bb5+ Bd7 10. Nxe5 Bxb5 11. Nxf7 Kxf7 12. Nxb5 Qa5+ 13. Nc3 Rhe8 14. O-O
Kg8 15. Qd3 Nd7 16. Bf4 Qb6 17. Qb5 Qc7 18. Qc4 a6 19. e5 Nb6 20. Qe2 dxe5 21.
Bxe5 Qd7 22. Qf2 Bf8 23. Bg3 Nc4 24. b3 Ne3 25. Rfe1 Ng4 26. Qd2 Bd6 27. Ne4
Bxg3 28. Nxg3 Rad8 29. c4 Qd6 30. Nf5 Qxh2+ 0-1

[Event "Belleuve Chess 2012"]
[Site "Alcudia ESP"]
[Date "2012.10.14"]
[Round "1.15"]
[White "Nin Serres, Pere"]
[Black "Rios Torondell, Jaume"]
[Result "0-1"]
[WhiteElo "1732"]
[BlackElo "1944"]
[PlyCount "114"]
[EventDate "2012.10.14"]
[EventType "swiss"]
[EventRounds "9"]
[EventCountry "ESP"]
[Source "lmi"]
[SourceDate "2012.10.14"]

1. d4 e6 2. c4 Bb4+ 3. Nc3 Nf6 4. Qc2 c5 5. e3 Nc6 6. Nf3 O-O 7. a3 Bxc3+ 8.
Qxc3 d5 9. Bd3 dxc4 10. Qxc4 cxd4 11. Nxd4 Ne5 12. Bxh7+ Nxh7 13. Qb5 Qd5 14.
Qxd5 exd5 15. Ke2 Nc6 16. Nb5 Be6 17. Bd2 Rfd8 18. Bc3 a6 19. Nd4 Nxd4+ 20.
Bxd4 Rac8 21. Bc3 Nf8 22. Rhd1 Nd7 23. h4 Nc5 24. f3 Na4 25. Bd4 Rc2+ 26. Rd2
Rdc8 27. g4 Bd7 28. Rb1 Bb5+ 29. Kd1 Rxd2+ 30. Kxd2 Nc5 31. b4 Ne6 32. Ba1 Ba4
33. Bc3 Nc7 34. h5 Nb5 35. Ba1 Nxa3 36. Rh1 Bb5 37. Bc3 Nc4+ 38. Ke2 Ne5+ 39.
Kd2 Nxf3+ 40. Kc2 Ng5 41. Kb2 Ne4 42. Bd4 Nf2 43. Rh2 Nxg4 44. Rg2 f5 45. Rg3
Rc4 46. Kb3 Rc1 47. Rf3 Bd3 48. Rh3 Be4 49. Ka4 Rh1 50. Rxh1 Bxh1 51. Ka5 Bf3
52. Kb6 Nf6 53. Kxb7 Be2 54. Bxf6 gxf6 55. Kc6 Bc4 56. Kd6 Kg7 57. Ke6 d4+ 0-1

[Event "Belleuve Chess 2012"]
[Site "Alcudia ESP"]
[Date "2012.10.14"]
[Round "1.16"]
[White "Westerweele, Henrik"]
[Black "Carranza Pons, Ricardo Nelson"]
[Result "1-0"]
[WhiteElo "1942"]
[BlackElo "1718"]
[PlyCount "31"]
[EventDate "2012.10.14"]
[EventType "swiss"]
[EventRounds "9"]
[EventCountry "ESP"]
[Source "lmi"]
[SourceDate "2012.10.14"]

1. e4 d5 2. d4 e6 3. e5 c5 4. c3 Nc6 5. Nf3 cxd4 6. cxd4 Qb6 7. Nc3 Bb4 8. Bd3
Nxd4 9. Nxd4 Bd7 10. Be3 Qa5 11. O-O Bxc3 12. bxc3 Qxc3 13. Rc1 Qa5 14. Qb3 Ne7
15. Qxb7 Rc8 16. Nb5 1-0

[Event "Belleuve Chess 2012"]
[Site "Alcudia ESP"]
[Date "2012.10.14"]
[Round "1.17"]
[White "Dominguez Marquez Juan, Car"]
[Black "Sanabria Macias, Anselmo"]
[Result "1/2-1/2"]
[WhiteElo "1718"]
[BlackElo "1935"]
[PlyCount "62"]
[EventDate "2012.10.14"]
[EventType "swiss"]
[EventRounds "9"]
[EventCountry "ESP"]
[Source "lmi"]
[SourceDate "2012.10.14"]

1. e4 d5 2. exd5 Qxd5 3. Nc3 Qa5 4. d4 c6 5. Nf3 Bg4 6. Be2 e6 7. Bd2 Qc7 8. h3
Bxf3 9. Bxf3 Nf6 10. O-O Nbd7 11. Ne4 Nxe4 12. Bxe4 Nf6 13. Bf3 Be7 14. c4 Rd8
15. Bc3 O-O 16. Qe2 b6 17. Rad1 Rd7 18. Rfe1 Rfd8 19. d5 exd5 20. cxd5 Nxd5 21.
Bxd5 cxd5 22. Rxd5 Rxd5 23. Qxe7 Qxe7 24. Rxe7 R5d7 25. Re3 f6 26. Kf1 Kf7 27.
g3 h5 28. Kg2 Re8 29. Rf3 a6 30. Rf5 Kg6 31. Rf4 Rd5 1/2-1/2

[Event "Belleuve Chess 2012"]
[Site "Alcudia ESP"]
[Date "2012.10.14"]
[Round "1.18"]
[White "Fiol Company, Juan"]
[Black "Veras Sanz Jose, Antonio"]
[Result "1-0"]
[WhiteElo "1934"]
[BlackElo "1712"]
[PlyCount "75"]
[EventDate "2012.10.14"]
[EventType "swiss"]
[EventRounds "9"]
[EventCountry "ESP"]
[Source "lmi"]
[SourceDate "2012.10.14"]

1. e4 c5 2. Nf3 Nc6 3. d4 cxd4 4. c3 d6 5. cxd4 Bg4 6. Be2 Nf6 7. Nc3 g6 8. O-O
Bg7 9. h3 Bxf3 10. Bxf3 O-O 11. Be3 Rc8 12. Qe2 Nd7 13. Rfd1 Qa5 14. a3 a6 15.
b4 Qd8 16. b5 Nxd4 17. Bxd4 Bxd4 18. Rxd4 Rxc3 19. bxa6 Qb6 20. Qd2 Rxf3 21.
gxf3 Ne5 22. Kg2 bxa6 23. Rb4 Qa7 24. Qd5 Qc7 25. Rab1 e6 26. Qd2 Rc8 27. Rb7
Qc3 28. Qxc3 Rxc3 29. R1b3 Rxb3 30. Rxb3 Nc4 31. a4 Kg7 32. Rd3 e5 33. Rc3 Na5
34. Rc7 Nb3 35. Rc6 Nc5 36. a5 f5 37. exf5 gxf5 38. Rxd6 1-0

[Event "Belleuve Chess 2012"]
[Site "Alcudia ESP"]
[Date "2012.10.14"]
[Round "1.19"]
[White "Abrines Sampol, Lorenzo"]
[Black "Sanchez Rodriguez, Francisc"]
[Result "0-1"]
[WhiteElo "1707"]
[BlackElo "1933"]
[PlyCount "104"]
[EventDate "2012.10.14"]
[EventType "swiss"]
[EventRounds "9"]
[EventCountry "ESP"]
[Source "lmi"]
[SourceDate "2012.10.14"]

1. e4 c5 2. Nf3 d6 3. d4 cxd4 4. Nxd4 Nf6 5. Nc3 g6 6. Be2 Bg7 7. Be3 Nc6 8.
Nxc6 bxc6 9. O-O O-O 10. Qd2 Qc7 11. Bh6 Bxh6 12. Qxh6 Rb8 13. Qc1 d5 14. exd5
cxd5 15. Na4 Rb4 16. b3 Bd7 17. Qd2 a5 18. a3 Rbb8 19. f3 Rfc8 20. Rac1 Bxa4
21. bxa4 Qc5+ 22. Kh1 Rb2 23. Bd3 d4 24. Rf2 Qxa3 25. Bb5 e5 26. h3 Nd5 27.
Qxa5 Rxb5 28. Qxb5 Qxc1+ 29. Kh2 Qf4+ 30. g3 Qe3 31. Kg2 Nc3 32. Qa6 Rf8 33. a5
Nd1 34. Re2 Qc3 35. Qd3 Qxd3 36. cxd3 Ne3+ 37. Kf2 Ra8 38. Ra2 f5 39. a6 Nd1+
40. Ke1 Nc3 41. Ra5 Kf7 42. Kd2 Ke6 43. Kc2 Nd5 44. Kb3 Ra7 45. Kc4 Nc7 46. Kc5
Rxa6 47. Rxa6+ Nxa6+ 48. Kc4 Nc7 49. Kb3 Nd5 50. Kc2 Ne3+ 51. Kb3 Nf1 52. g4
Nd2+ 0-1

[Event "Belleuve Chess 2012"]
[Site "Alcudia ESP"]
[Date "2012.10.14"]
[Round "1.21"]
[White "Llamazares Lopez, Carlos"]
[Black "Figuerola Campins, Antonio"]
[Result "1-0"]
[WhiteElo "1694"]
[BlackElo "1919"]
[PlyCount "51"]
[EventDate "2012.10.14"]
[EventType "swiss"]
[EventRounds "9"]
[EventCountry "ESP"]
[Source "lmi"]
[SourceDate "2012.10.14"]

1. e4 c5 2. Nf3 g6 3. d4 cxd4 4. Nxd4 Bg7 5. c4 Nc6 6. Be3 Nf6 7. Nc3 Ng4 8.
Qxg4 Nxd4 9. Qd1 e5 10. Bd3 d6 11. O-O O-O 12. Qd2 Qh4 13. Bg5 Qh5 14. Ne2 f6
15. Nxd4 Qxg5 16. Qxg5 fxg5 17. Nb5 Rd8 18. Rfd1 Be6 19. Nc7 Rac8 20. Nxe6 Re8
21. Nxg7 Kxg7 22. Rd2 Rc7 23. Rad1 Rec8 24. Bf1 b5 25. cxb5 Rc2 26. b3 1-0

[Event "Belleuve Chess 2012"]
[Site "Alcudia ESP"]
[Date "2012.10.14"]
[Round "1.22"]
[White "Lielmezs, Girts"]
[Black "Jaume Pons, Antonio"]
[Result "1-0"]
[WhiteElo "1910"]
[BlackElo "1693"]
[PlyCount "51"]
[EventDate "2012.10.14"]
[EventType "swiss"]
[EventRounds "9"]
[EventCountry "ESP"]
[Source "lmi"]
[SourceDate "2012.10.14"]

1. c4 e5 2. g3 Nf6 3. Bg2 Nc6 4. Nc3 b6 5. Nf3 Bb7 6. Nxe5 d5 7. Qa4 Qd6 8.
cxd5 Qxe5 9. dxc6 Bc8 10. d4 Qf5 11. Bf4 Be7 12. Bxc7 O-O 13. O-O Qh5 14. Qb5
Bf5 15. e4 Ng4 16. h3 a6 17. Qxf5 Qxf5 18. exf5 Nf6 19. d5 Ne8 20. Bxb6 Rb8 21.
c7 Rc8 22. Ne4 Nd6 23. Nxd6 Bxd6 24. Rac1 f6 25. Bc5 Bxc5 26. Rxc5 1-0

[Event "Belleuve Chess 2012"]
[Site "Alcudia ESP"]
[Date "2012.10.14"]
[Round "1.23"]
[White "Deiana, Giacomo"]
[Black "Romeu De La Cruz, Josep"]
[Result "0-1"]
[WhiteElo "1687"]
[BlackElo "1902"]
[PlyCount "60"]
[EventDate "2012.10.14"]
[EventType "swiss"]
[EventRounds "9"]
[EventCountry "ESP"]
[Source "lmi"]
[SourceDate "2012.10.14"]

1. c4 d6 2. g3 Nf6 3. Bg2 c6 4. Nc3 g6 5. Nf3 Bg7 6. O-O O-O 7. d3 Nbd7 8. Rb1
Qc7 9. b4 a6 10. Qc2 e5 11. a4 Ne8 12. b5 axb5 13. axb5 f5 14. bxc6 bxc6 15.
Ng5 Nc5 16. Be3 h6 17. Bxc5 hxg5 18. Bb6 Qd7 19. e3 Bb7 20. Qb3 Kh7 21. d4 e4
22. Ra1 Nf6 23. Rxa8 Rxa8 24. Rd1 d5 25. cxd5 cxd5 26. Rb1 Ba6 27. Bc5 Bd3 28.
Re1 Bc4 29. Qb4 f4 30. exf4 gxf4 0-1

[Event "Belleuve Chess 2012"]
[Site "Alcudia ESP"]
[Date "2012.10.14"]
[Round "1.24"]
[White "Strand, Oyvin"]
[Black "Ramis Sebastia, Jordi Salvador"]
[Result "0-1"]
[WhiteElo "1899"]
[BlackElo "1675"]
[PlyCount "86"]
[EventDate "2012.10.14"]
[EventType "swiss"]
[EventRounds "9"]
[EventCountry "ESP"]
[Source "lmi"]
[SourceDate "2012.10.14"]

1. d4 d5 2. Nf3 Nf6 3. e3 e6 4. b3 c5 5. Bb2 Nc6 6. Bd3 Bd6 7. Ne5 O-O 8. O-O
cxd4 9. exd4 Qc7 10. f4 Nb4 11. c4 Nxd3 12. Qxd3 b6 13. Nd2 Ba6 14. Qe3 Nd7 15.
Rfc1 Qd8 16. Nxd7 Qxd7 17. c5 Bc7 18. a4 Rae8 19. b4 f6 20. b5 Bc8 21. Nf3 Rf7
22. g3 Rfe7 23. c6 Qd8 24. Ba3 Bd6 25. Bxd6 Qxd6 26. a5 e5 27. fxe5 Qe6 28.
axb6 axb6 29. Qf4 Rf8 30. Qe3 Qh3 31. Ra8 Bf5 32. Rxf8+ Kxf8 33. Ra1 Be4 34.
Rf1 Ra7 35. exf6 gxf6 36. Rf2 Ra1+ 37. Ne1 Kg7 38. Qe2 Ra3 39. Qf1 Rxg3+ 40.
Ng2 Rg6 41. Ra2 Qe3+ 42. Kh1 Qxd4 43. Ra8 Bxg2+ 0-1